Globálne aspekty automobilového priemyslu

Výroba automobilov v najdôležitejších krajinách. Historický pohľad na vznik a etablovanie sa automobilu ako nového druhu výrobku. Postavenie automobilového priemyslu v súčasnosti. Nové postavenie dodávateľov. Scenáre vývoja automobilového priemyslu.

Na minha lista:
Detalhes bibliográficos
Autor principal: Pásztorová, Jana, 1960-
Outros Autores: Skorvagová, Simona
Formato: Capítulo de Livro
Idioma:eslovaco
Assuntos:
Tags: Adicionar Tag
Sem tags, seja o primeiro a adicionar uma tag!

MARC

LEADER 00000naa$a2200000$$$4500
001 0044473
005 20221007085730.5
041 0 |a slo 
044 |a SK 
245 1 0 |a Globálne aspekty automobilového priemyslu  |c Jana Pásztorová, Simona Skorvagová 
520 |a Výroba automobilov v najdôležitejších krajinách. Historický pohľad na vznik a etablovanie sa automobilu ako nového druhu výrobku. Postavenie automobilového priemyslu v súčasnosti. Nové postavenie dodávateľov. Scenáre vývoja automobilového priemyslu. 
610 2 0 |a inovácia 
610 2 0 |a priemysel automobilový 
610 2 0 |a história 
610 2 0 |a dodávatelia 
610 2 0 |a odberatelia 
610 2 0 |a výrobcovia 
100 1 |a Pásztorová, Jana, 1960- 
700 1 |a Skorvagová, Simona